[Event "IX American Continental Classical Championship 201"]
[Site "Hotel Pipa AtlÃ¢ntico - Praia da Pipa - Rio Grande"]
[Date "2014.10.18"]
[Round "1"]
[Board "55"]
[White "Cruz, William Ferreira Da"]
[Black "Gomes, Jose Murilo"]
[Result "1-0"]
[WhiteElo "2217"]
[BlackElo "1864"]
[PlyCount "71"]
[EventDate "2014.10.18"]
[EventRounds "11"]
[EventCountry "BRA"]

1. d4 Nf6 2. c4 g6 3. Nc3 Bg7 4. e4 d6 5. Be2 O-O 6. Nf3 e5 7. O-O Nc6 8. d5
Ne7 9. b4 a5 10. Ba3 axb4 11. Bxb4 b6 12. a4 Nd7 13. a5 f5 14. axb6 Rxa1 15.
Qxa1 Nxb6 16. Qa3 fxe4 17. Nd2 Bf5 18. Ndxe4 Bxe4 19. Nxe4 Rf4 20. f3 Nf5 21.
g3 Nd4 22. gxf4 Nxe2+ 23. Kh1 Nxf4 24. Qb3 Qh4 25. Bxd6 Qh3 26. Rf2 cxd6 27.
Qxb6 Nd3 28. Nxd6 Nxf2+ 29. Qxf2 Bf6 30. Qg2 Qh4 31. Ne4 Qe1+ 32. Qg1 Qxg1+ 33.
Kxg1 Bd8 34. c5 Kf8 35. d6 Ba5 36. c6 1-0

[Event "IX American Continental Classical Championship 201"]
[Site "Hotel Pipa AtlÃ¢ntico - Praia da Pipa - Rio Grande"]
[Date "2014.10.18"]
[Round "1"]
[Board "56"]
[White "Cortes Arias, Mariela"]
[Black "Caetano, Hugo Zanotti Mendonca"]
[Result "1/2-1/2"]
[WhiteElo "1858"]
[BlackElo "2209"]
[PlyCount "76"]
[EventDate "2014.10.18"]
[EventRounds "11"]
[EventCountry "BRA"]

1. d4 d5 2. c4 e6 3. cxd5 exd5 4. Nc3 c6 5. Bf4 Bd6 6. Bxd6 Qxd6 7. e3 Nf6 8.
Bd3 O-O 9. Nge2 Bg4 10. Qc2 Nbd7 11. O-O Rfe8 12. f3 Bh5 13. e4 dxe4 14. fxe4
Bxe2 15. Nxe2 Ng4 16. Rf4 h5 17. Qb3 Re7 18. g3 b5 19. e5 Ndxe5 20. dxe5 Qxe5
21. Be4 Qc5+ 22. Kg2 Rxe4 23. Qxf7+ Kh7 24. Rxe4 Rf8 25. Rc1 Qd6 26. Qxh5+ Nh6
27. Rf1 Qd3 28. Rxf8 Qxe4+ 29. Rf3 Qxe2+ 30. Kh3 Qe6+ 31. g4 Kg8 32. Kg3 c5 33.
h3 Qe1+ 34. Kg2 Qe2+ 35. Rf2 Qe4+ 36. Kh2 Qe3 37. Kg2 Qe4+ 38. Kg3 Qe3+ 1/2-1/2

[Event "IX American Continental Classical Championship 201"]
[Site "Hotel Pipa AtlÃ¢ntico - Praia da Pipa - Rio Grande"]
[Date "2014.10.18"]
[Round "1"]
[Board "57"]
[White "Mesias Rojas, Rabindranath"]
[Black "Da Silva, Izael Brasilino Arau"]
[Result "1-0"]
[WhiteElo "2209"]
[BlackElo "1857"]
[PlyCount "29"]
[EventDate "2014.10.18"]
[EventRounds "11"]
[EventCountry "BRA"]

1. d4 d5 2. Nc3 Nf6 3. Bg5 b6 4. e3 Bb7 5. Bd3 Nbd7 6. Nf3 e6 7. Ne5 h6 8. Bh4
Be7 9. f4 Qc8 10. O-O c5 11. Bb5 O-O 12. Nxd7 c4 13. Bxf6 gxf6 14. Qh5 Rd8 15.
Qxh6 1-0

[Event "IX American Continental Classical Championship 201"]
[Site "Hotel Pipa AtlÃ¢ntico - Praia da Pipa - Rio Grande"]
[Date "2014.10.18"]
[Round "1"]
[Board "58"]
[White "Macedo, Alexandre Soares De"]
[Black "Tapia Fuentes, Jaime"]
[Result "0-1"]
[WhiteElo "1854"]
[BlackElo "2208"]
[PlyCount "62"]
[EventDate "2014.10.18"]
[EventRounds "11"]
[EventCountry "BRA"]

1. Nf3 Nf6 2. g3 g6 3. Bg2 Bg7 4. O-O O-O 5. c4 d5 6. cxd5 Nxd5 7. Nc3 c5 8. a3
Nc6 9. Qb3 Nb6 10. d3 Be6 11. Qd1 Rc8 12. Ng5 Bd7 13. Nge4 Nd4 14. e3 Ne6 15.
Qb3 h6 16. Rd1 Kh7 17. Nd2 Bc6 18. Nc4 Bxg2 19. Kxg2 Bxc3 20. Qxc3 Qd5+ 21. e4
Qh5 22. Nxb6 axb6 23. Qd2 Nd4 24. h3 Qf3+ 25. Kh2 g5 26. Rb1 f5 27. exf5 Rxf5
28. Rf1 Qd5 29. Qe3 Re5 30. g4 Rxe3 31. fxe3 Nf3+ 0-1

[Event "IX American Continental Classical Championship 201"]
[Site "Hotel Pipa AtlÃ¢ntico - Praia da Pipa - Rio Grande"]
[Date "2014.10.18"]
[Round "1"]
[Board "59"]
[White "Araujo, Jose Roberto"]
[Black "De Barros E Silva, Byron Veras"]
[Result "1-0"]
[WhiteElo "2205"]
[BlackElo "1853"]
[PlyCount "51"]
[EventDate "2014.10.18"]
[EventRounds "11"]
[EventCountry "BRA"]

1. e4 c5 2. Nf3 g6 3. d4 Bg7 4. Nc3 cxd4 5. Nxd4 a6 6. Be3 d6 7. Qd2 Nf6 8. f3
O-O 9. O-O-O Nbd7 10. Bh6 Qa5 11. h4 Re8 12. Bxg7 Kxg7 13. h5 Nf8 14. hxg6 fxg6
15. Bc4 Bd7 16. g4 Ng8 17. Rdg1 e6 18. f4 Rac8 19. Bb3 e5 20. Nf5+ Bxf5 21.
gxf5 Qc5 22. fxg6 hxg6 23. Qh2 Qe3+ 24. Kb1 Ne6 25. Qh7+ Kf8 26. Rxg6 1-0

[Event "IX American Continental Classical Championship 201"]
[Site "Hotel Pipa AtlÃ¢ntico - Praia da Pipa - Rio Grande"]
[Date "2014.10.18"]
[Round "1"]
[Board "60"]
[White "Reis, Virginia Lagrange M."]
[Black "Hernandez Riera, Jose"]
[Result "0-1"]
[WhiteElo "1852"]
[BlackElo "2203"]
[PlyCount "58"]
[EventDate "2014.10.18"]
[EventRounds "11"]
[EventCountry "BRA"]

1. e4 d5 2. exd5 Qxd5 3. Nc3 Qa5 4. d4 Nf6 5. h3 Bf5 6. Bd2 Qb6 7. Nf3 e6 8.
Bc4 c6 9. Bb3 Nbd7 10. a3 Bd6 11. Qe2 O-O-O 12. Ne5 Bxe5 13. dxe5 Nd5 14. Nxd5
exd5 15. O-O-O Nc5 16. Ba2 Na4 17. b3 Qd4 18. Bb4 Qb2+ 19. Kd2 Bxc2 20. bxa4
Bxd1+ 21. Kxd1 Qa1+ 22. Kd2 Qxa2+ 23. Ke1 Qxe2+ 24. Kxe2 Rhe8 25. f4 f6 26. Bc5
b6 27. Bd4 c5 28. Ba1 Kb7 29. Bb2 d4 0-1

[Event "IX American Continental Classical Championship 201"]
[Site "Hotel Pipa AtlÃ¢ntico - Praia da Pipa - Rio Grande"]
[Date "2014.10.18"]
[Round "1"]
[Board "61"]
[White "Andrade, Roberto Luiz Costa"]
[Black "Leao, Flavio Sanchez"]
[Result "1-0"]
[WhiteElo "2200"]
[BlackElo "1847"]
[PlyCount "83"]
[EventDate "2014.10.18"]
[EventRounds "11"]
[EventCountry "BRA"]

1. e4 e6 2. d4 d5 3. Nc3 Nf6 4. Bg5 Be7 5. e5 Nfd7 6. h4 Bxg5 7. hxg5 Qxg5 8.
Nb5 Qd8 9. Qg4 g6 10. c4 dxc4 11. Nf3 a6 12. Nc3 Qe7 13. Bxc4 Nb6 14. Bb3 Nc6
15. O-O-O Bd7 16. Rh6 O-O-O 17. Rdh1 Kb8 18. Rxh7 Rxh7 19. Rxh7 Be8 20. a3 Na5
21. Ba2 c5 22. Qh4 Qxh4 23. Rxh4 c4 24. Ne4 Nb3+ 25. Bxb3 cxb3 26. Nc5 Rc8 27.
Rh8 Na4 28. Rxe8 Rxe8 29. Nxa4 Rc8+ 30. Nc3 Rc4 31. Kd2 b5 32. Kd3 Kb7 33. Nd2
Rc8 34. Nxb3 Rh8 35. Ne4 Kc6 36. Na5+ Kb6 37. b4 Rh2 38. g3 Rh1 39. Kc2 Re1 40.
Nd2 Ra1 41. Kb2 Rd1 42. Nab3 1-0

[Event "IX American Continental Classical Championship 201"]
[Site "Hotel Pipa AtlÃ¢ntico - Praia da Pipa - Rio Grande"]
[Date "2014.10.18"]
[Round "1"]
[Board "62"]
[White "Lucena, Helianto Dos Santos"]
[Black "Silveira Filho, Neri Da Silva"]
[Result "0-1"]
[WhiteElo "1846"]
[BlackElo "2200"]
[PlyCount "80"]
[EventDate "2014.10.18"]
[EventRounds "11"]
[EventCountry "BRA"]

1. d4 g6 2. e4 Bg7 3. Nf3 d6 4. Be2 Nf6 5. Nc3 O-O 6. O-O Na6 7. a3 c5 8. Be3
cxd4 9. Bxd4 e5 10. Be3 Nc7 11. h3 d5 12. Bg5 d4 13. Nb5 Ne6 14. Bxf6 Bxf6 15.
a4 Nf4 16. Kh2 Be6 17. Ng1 Bg7 18. g3 Nxe2 19. Qxe2 Rc8 20. Qd2 Qb6 21. b3 Rfd8
22. Nf3 a6 23. Na3 Rc3 24. Ne1 Rdc8 25. Nb1 R3c6 26. Na3 Bf8 27. f4 Bb4 28. Qf2
Bc3 29. Ra2 exf4 30. Qxf4 Qa5 31. Nf3 Qc7 32. Qh6 f6 33. e5 fxe5 34. Ng5 Bd2
35. Qh4 Qe7 36. Nf3 Qxh4 37. Nxh4 Bb4 38. c4 dxc3 39. Nc2 Bxb3 40. Nxb4 Bxa2
 0-1

[Event "IX American Continental Classical Championship 201"]
[Site "Hotel Pipa AtlÃ¢ntico - Praia da Pipa - Rio Grande"]
[Date "2014.10.18"]
[Round "1"]
[Board "63"]
[White "Herman, Diego"]
[Black "Baltar, Petrov Ferreira"]
[Result "1-0"]
[WhiteElo "2198"]
[BlackElo "1844"]
[PlyCount "53"]
[EventDate "2014.10.18"]
[EventRounds "11"]
[EventCountry "BRA"]

1. Nc3 Nf6 2. Nf3 g6 3. e4 d6 4. Bc4 Bg7 5. d3 Nbd7 6. Bxf7+ Kxf7 7. Ng5+ Kg8
8. Ne6 Qe8 9. Nxc7 Qd8 10. Nxa8 a6 11. Be3 b5 12. e5 Nxe5 13. Nb6 Bb7 14. O-O
Neg4 15. Nbd5 Nxe3 16. Nxf6+ Bxf6 17. fxe3 d5 18. d4 Kg7 19. Ne2 Re8 20. c3 e5
21. a4 Bg5 22. axb5 Bxe3+ 23. Kh1 Qb6 24. Qd3 exd4 25. bxa6 Ba8 26. Nxd4 Qxb2
27. Rae1 1-0

[Event "IX American Continental Classical Championship 201"]
[Site "Hotel Pipa AtlÃ¢ntico - Praia da Pipa - Rio Grande"]
[Date "2014.10.18"]
[Round "1"]
[Board "64"]
[White "Vasconcelos, Paulo Cesar Da S."]
[Black "Bortoloso, Moacir Canella"]
[Result "1-0"]
[WhiteElo "1844"]
[BlackElo "2190"]
[PlyCount "55"]
[EventDate "2014.10.18"]
[EventRounds "11"]
[EventCountry "BRA"]

1. d4 d5 2. c4 Nc6 3. Nf3 Bg4 4. cxd5 Bxf3 5. gxf3 Qxd5 6. e3 e5 7. Nc3 Bb4 8.
a3 Bxc3+ 9. bxc3 exd4 10. cxd4 Nf6 11. Rb1 Rb8 12. Rb5 Qd6 13. Qb3 O-O 14. Bg2
Rbd8 15. f4 g6 16. Rc5 Rfe8 17. O-O Rb8 18. Qc2 Nd8 19. e4 Qxd4 20. Rd1 Qa1 21.
e5 Ne6 22. Bb2 Qa2 23. Ra1 Qxa1+ 24. Bxa1 Nxc5 25. Qxc5 Rbd8 26. exf6 Rd1+ 27.
Bf1 Rxa1 28. Qg5 1-0

[Event "IX American Continental Classical Championship 201"]
[Site "Hotel Pipa AtlÃ¢ntico - Praia da Pipa - Rio Grande"]
[Date "2014.10.18"]
[Round "1"]
[Board "65"]
[White "Cavalcanti, Francisco De Assis"]
[Black "Araujo, Vitor Angelo Lima"]
[Result "1-0"]
[WhiteElo "2186"]
[BlackElo "1840"]
[PlyCount "39"]
[EventDate "2014.10.18"]
[EventRounds "11"]
[EventCountry "BRA"]

1. e4 c5 2. Nf3 Nc6 3. Bb5 Nd4 4. Nxd4 cxd4 5. O-O e6 6. c3 Qb6 7. Ba4 Ne7 8.
cxd4 Qxd4 9. Nc3 a6 10. d3 b5 11. Be3 Qb4 12. Bb3 Bb7 13. a3 Qa5 14. f4 d5 15.
exd5 Nxd5 16. Nxd5 Bxd5 17. Bxd5 exd5 18. Qc2 Qd8 19. Qc6+ Ke7 20. Bc5+ 1-0

[Event "IX American Continental Classical Championship 201"]
[Site "Hotel Pipa AtlÃ¢ntico - Praia da Pipa - Rio Grande"]
[Date "2014.10.18"]
[Round "1"]
[Board "66"]
[White "Feijo, Francisco Celio"]
[Black "Aliaga Fernandez, Ingrid Y"]
[Result "0-1"]
[WhiteElo "1825"]
[BlackElo "2181"]
[PlyCount "106"]
[EventDate "2014.10.18"]
[EventRounds "11"]
[EventCountry "BRA"]

1. d4 Nf6 2. Nf3 d5 3. Bf4 c5 4. e3 Nc6 5. c3 Qb6 6. Qb3 c4 7. Qxb6 axb6 8.
Nbd2 b5 9. Be2 b4 10. O-O b5 11. Ne5 bxc3 12. bxc3 Nxe5 13. dxe5 Nd7 14. Rfb1
Ra5 15. Nf3 Nc5 16. Nd4 Bd7 17. Bd1 g5 18. Bg3 Ne4 19. Rc1 e6 20. f3 Nc5 21.
Bc2 Be7 22. Rcb1 O-O 23. Be1 Rfa8 24. Rb2 f6 25. f4 fxe5 26. fxe5 Bf8 27. Bb1
Bg7 28. Nf3 g4 29. Nd4 Bxe5 30. Rf2 Ra3 31. Bc2 Kg7 32. Kf1 Rxa2 33. Rxa2 Rxa2
34. g3 h5 35. Kg2 Rb2 36. h3 Bf6 37. hxg4 hxg4 38. Bd1 Rxf2+ 39. Kxf2 e5 40.
Nc2 Nd3+ 41. Ke2 Be7 42. Bd2 Bf5 43. Ne1 Nxe1 44. Kxe1 Kg6 45. e4 dxe4 46. Bc2
e3 47. Bxf5+ Kxf5 48. Bxe3 Ke4 49. Ke2 Ba3 50. Bd2 Bb2 51. Be1 Bc1 52. Bf2 Bg5
53. Be1 Be3 0-1

[Event "IX American Continental Classical Championship 201"]
[Site "Hotel Pipa AtlÃ¢ntico - Praia da Pipa - Rio Grande"]
[Date "2014.10.18"]
[Round "1"]
[Board "67"]
[White "Souza Neves, Andrey M."]
[Black "Serafim Junior, Arnor"]
[Result "1-0"]
[WhiteElo "2173"]
[BlackElo "1811"]
[PlyCount "71"]
[EventDate "2014.10.18"]
[EventRounds "11"]
[EventCountry "BRA"]

1. d4 Nf6 2. Bf4 g6 3. e3 Bg7 4. Nf3 d6 5. h3 O-O 6. Be2 Nfd7 7. O-O e5 8. Bh2
b6 9. c4 Bb7 10. Nc3 Nc6 11. Qd2 Ne7 12. dxe5 Nxe5 13. Nd5 Re8 14. Rad1 N7c6
15. b4 Nxf3+ 16. Bxf3 Ne5 17. Be2 a5 18. b5 Nd7 19. Nxc7 Qxc7 20. Qxd6 Qxd6 21.
Rxd6 Bc8 22. Bf3 Ra7 23. Bc6 Re6 24. Rd3 Bf8 25. Rfd1 Ne5 26. Rd8 Bb7 27. Bxe5
Rxe5 28. R1d7 Bxc6 29. Rxa7 Re8 30. Rxe8 Bxe8 31. Ra8 Bd7 32. Rb8 Be6 33. c5
Kg7 34. cxb6 Bxa2 35. Rxf8 Bd5 36. Rd8 1-0

[Event "IX American Continental Classical Championship 201"]
[Site "Hotel Pipa AtlÃ¢ntico - Praia da Pipa - Rio Grande"]
[Date "2014.10.18"]
[Round "1"]
[Board "68"]
[White "Costa, Paulo Sergio"]
[Black "Barata, Adriano Albiani"]
[Result "0-1"]
[WhiteElo "1806"]
[BlackElo "2171"]
[PlyCount "65"]
[EventDate "2014.10.18"]
[EventRounds "11"]
[EventCountry "BRA"]

1. e4 c5 2. Nf3 a6 3. d4 cxd4 4. Nxd4 Nf6 5. Nc3 e5 6. Nf3 Bb4 7. Bd3 d5 8.
exd5 e4 9. Qe2 Bxc3+ 10. bxc3 O-O 11. O-O exd3 12. cxd3 Re8 13. Qc2 Qxd5 14. c4
Qh5 15. Bb2 Bg4 16. Nd4 Nc6 17. Nb3 Be2 18. Rfe1 Nb4 19. Qd2 Nxd3 20. Reb1 Nxb2
21. Rxb2 Bxc4 22. Nd4 b5 23. Qf4 Rad8 24. f3 Qc5 25. Rd2 Nh5 26. Qg4 Qe5 27.
Rad1 Qe3+ 28. Rf2 Rxd4 29. f4 Rxd1+ 30. Qxd1 Qe1+ 31. Rf1 Qxf1+ 32. Qxf1 Bxf1
33. Kxf1 0-1

[Event "IX American Continental Classical Championship 201"]
[Site "Hotel Pipa AtlÃ¢ntico - Praia da Pipa - Rio Grande"]
[Date "2014.10.18"]
[Round "1"]
[Board "69"]
[White "Januario, Severino Pereira"]
[Black "Pereira Fo, Hildebrando Apolon"]
[Result "1-0"]
[WhiteElo "2171"]
[BlackElo "1803"]
[PlyCount "65"]
[EventDate "2014.10.18"]
[EventRounds "11"]
[EventCountry "BRA"]

1. d4 Nf6 2. c4 e6 3. Nf3 Be7 4. g3 d6 5. Bg2 O-O 6. O-O Nbd7 7. Nc3 c5 8. b3
a6 9. Bb2 Rb8 10. Qc2 b5 11. cxb5 cxd4 12. Nxd4 Ne5 13. Rfd1 Qc7 14. Rac1 Bb7
15. Bxb7 Qxb7 16. Nc6 Nxc6 17. bxc6 Qxc6 18. Nd5 Qd7 19. Nxe7+ Qxe7 20. Ba3
Rfd8 21. Qc6 Qb7 22. Qxb7 Rxb7 23. Rxd6 Ra8 24. Rxa6 Rbb8 25. Rxa8 Rxa8 26. Bb2
Nd5 27. a3 h6 28. e4 Ne7 29. Rc7 Ng6 30. b4 Rd8 31. b5 Rd2 32. Bc3 Rd3 33. b6
 1-0

[Event "IX American Continental Classical Championship 201"]
[Site "Hotel Pipa AtlÃ¢ntico - Praia da Pipa - Rio Grande"]
[Date "2014.10.18"]
[Round "1"]
[Board "70"]
[White "Silva, Carolina Alves"]
[Black "Jodorcovsky Werjivker, Paulo"]
[Result "0-1"]
[WhiteElo "1791"]
[BlackElo "2170"]
[PlyCount "86"]
[EventDate "2014.10.18"]
[EventRounds "11"]
[EventCountry "BRA"]

1. e4 c5 2. Nf3 e6 3. d4 cxd4 4. Nxd4 a6 5. c4 Nf6 6. Nc3 Bb4 7. Bd3 Nc6 8.
Nxc6 dxc6 9. Qc2 e5 10. O-O O-O 11. h3 Bc5 12. Bg5 h6 13. Bh4 Qe7 14. Rad1 g5
15. Bg3 Nh5 16. Kh2 Nf4 17. Ne2 Be6 18. Qc3 Rad8 19. Ng1 Bd4 20. Qc2 Nxd3 21.
Rxd3 Qc5 22. b3 b5 23. Nf3 bxc4 24. Nxd4 Rxd4 25. Rxd4 exd4 26. bxc4 Qxc4 27.
Qd1 d3 28. Qf3 Qd4 29. h4 c5 30. hxg5 hxg5 31. Kg1 c4 32. Qh5 Qxe4 33. Qxg5+
Qg6 34. Qd2 Rc8 35. Be5 f6 36. Bc3 Bd5 37. f3 Re8 38. Qf4 Qg5 39. Qxf6 Qxf6 40.
Bxf6 Re2 41. Bc3 Rc2 42. Bd4 c3 43. Rd1 Rd2 0-1

[Event "IX American Continental Classical Championship 201"]
[Site "Hotel Pipa AtlÃ¢ntico - Praia da Pipa - Rio Grande"]
[Date "2014.10.18"]
[Round "1"]
[Board "72"]
[White "Ribeiro, Jose Joselito"]
[Black "Caceres Leal, Jaime"]
[Result "0-1"]
[WhiteElo "1733"]
[BlackElo "2157"]
[PlyCount "90"]
[EventDate "2014.10.18"]
[EventRounds "11"]
[EventCountry "BRA"]

1. e4 e6 2. d4 d5 3. Nd2 Be7 4. Ngf3 Nf6 5. Bd3 c5 6. c3 Nc6 7. e5 Nd7 8. Bc2
Qb6 9. Nb3 a5 10. O-O cxd4 11. cxd4 a4 12. Nbd2 Nxd4 13. Bxa4 Qb4 14. Bxd7+
Bxd7 15. Nxd4 Qxd4 16. Nf3 Qxd1 17. Rxd1 O-O 18. Be3 Rfc8 19. Nd4 f6 20. Nf3
Kf7 21. Bd4 Bb5 22. a3 Be2 23. Rdc1 Bxf3 24. gxf3 fxe5 25. Bxe5 Bf6 26. f4 Bxe5
27. fxe5 Kg6 28. Kg2 Kf5 29. Re1 Rc2 30. Rab1 Ra4 31. Re3 Rf4 32. Rf3 Rxf3 33.
Kxf3 Kxe5 34. a4 d4 35. b4 Kd5 36. a5 e5 37. b5 e4+ 38. Kg3 d3 39. a6 bxa6 40.
b6 Rc8 41. b7 Rb8 42. Kf4 Kd4 43. h4 d2 44. Rb6 Kd3 45. Rd6+ Ke2 0-1

[Event "IX American Continental Classical Championship 201"]
[Site "Hotel Pipa AtlÃ¢ntico - Praia da Pipa - Rio Grande"]
[Date "2014.10.18"]
[Round "1"]
[Board "73"]
[White "Cortes Orihuela, Javier"]
[Black "Feitosa, Jocelenilson Nunes"]
[Result "1-0"]
[WhiteElo "2156"]
[BlackElo "1731"]
[PlyCount "113"]
[EventDate "2014.10.18"]
[EventRounds "11"]
[EventCountry "BRA"]

1. d4 Nf6 2. c4 e6 3. g3 c6 4. Bg2 d5 5. Nf3 Bb4+ 6. Bd2 Qb6 7. O-O Bxd2 8.
Qxd2 Ne4 9. Qc2 Nd7 10. Nc3 Ndf6 11. Rad1 O-O 12. c5 Qc7 13. Nxe4 Nxe4 14. Ne5
Nf6 15. Rfe1 Nd7 16. Nxd7 Bxd7 17. e4 Rfe8 18. e5 b6 19. Bf1 Rab8 20. b3 Rf8
21. Bd3 h6 22. Qc3 f5 23. exf6 Rxf6 24. Re5 bxc5 25. dxc5 Rf3 26. Rde1 Rbf8 27.
R1e2 Bc8 28. R5e3 R3f6 29. Qe5 Qf7 30. f4 g5 31. h4 Qh5 32. hxg5 hxg5 33. Qxg5+
Qxg5 34. fxg5 Rf1+ 35. Kg2 a5 36. Re5 Rc1 37. Rc2 Rd1 38. Be2 Rd4 39. a3 Rf5
40. Rxf5 exf5 41. Bh5 Kg7 42. Rb2 Bd7 43. Re2 Re4 44. Kf3 Kf8 45. Rxe4 fxe4+
46. Ke3 Kg7 47. Kd4 Kf8 48. b4 axb4 49. axb4 Be6 50. Ke5 Ke7 51. Be2 Kd7 52. b5
Bg8 53. b6 Kc8 54. Bh5 Kb7 55. Kd4 Bh7 56. Bf7 e3 57. Kxe3 1-0

[Event "IX American Continental Classical Championship 201"]
[Site "Hotel Pipa AtlÃ¢ntico - Praia da Pipa - Rio Grande"]
[Date "2014.10.18"]
[Round "1"]
[Board "74"]
[White "Dantas, Rhuan De Araujo"]
[Black "Ibar, Marcelo"]
[Result "0-1"]
[WhiteElo "1719"]
[BlackElo "2155"]
[PlyCount "102"]
[EventDate "2014.10.18"]
[EventRounds "11"]
[EventCountry "BRA"]

1. e4 c5 2. Nf3 Nc6 3. Nc3 g6 4. d4 cxd4 5. Nxd4 Bg7 6. Be3 d6 7. Bc4 Nf6 8.
O-O O-O 9. h3 Nxe4 10. Bxf7+ Rxf7 11. Nxe4 Nxd4 12. Bxd4 Qa5 13. Bxg7 Rxg7 14.
Nc3 Bd7 15. Qd5+ Qxd5 16. Nxd5 Rc8 17. c3 Rc5 18. Ne3 g5 19. Rfe1 Kf8 20. g4 h5
21. Re2 hxg4 22. hxg4 Rf7 23. Rae1 Rf4 24. Kh2 Re5 25. Kg3 Bb5 26. Rd2 Bc6 27.
Rg1 Ree4 28. Kh3 e6 29. Nc2 Ke7 30. Nd4 Bd7 31. f3 Re3 32. Rg3 e5 33. Nc2 Rexf3
34. Rdg2 Bxg4+ 35. Kh2 Rxg3 36. Rxg3 Rf2+ 37. Rg2 Rxg2+ 38. Kxg2 Be6 39. a3 d5
40. Kf2 Bf5 41. Ne3 Ke6 42. a4 d4 43. cxd4 exd4 44. Nc4 Kd5 45. Nd2 a5 46. b3
Bc2 47. Kf3 Kc5 48. Kg4 Kb4 49. Kxg5 Kc3 50. Nc4 d3 51. Nxa5 d2 0-1

[Event "IX American Continental Classical Championship 201"]
[Site "Hotel Pipa AtlÃ¢ntico - Praia da Pipa - Rio Grande"]
[Date "2014.10.18"]
[Round "1"]
[Board "75"]
[White "Zallio, Luciano De Souza"]
[Black "Da Silva Filho, Ibernon Luiz"]
[Result "1-0"]
[WhiteElo "2150"]
[BlackElo "1716"]
[PlyCount "53"]
[EventDate "2014.10.18"]
[EventRounds "11"]
[EventCountry "BRA"]

1. e4 c5 2. Nf3 Nc6 3. d4 cxd4 4. Nxd4 Nxd4 5. Qxd4 Qb6 6. Qxb6 axb6 7. Be3 Nf6
8. Nc3 e6 9. Nb5 Kd8 10. Bxb6+ Ke7 11. a4 Ra6 12. Na7 Rxa7 13. Bxa7 Nxe4 14.
Bd3 Nf6 15. O-O Ke8 16. a5 Bd6 17. Ra4 Nd5 18. Be4 Kd8 19. Bxd5 exd5 20. Rd4
Be5 21. Rxd5 Bxb2 22. Bb6+ Ke7 23. Re1+ Kf6 24. Rd6+ Kf5 25. h4 Be5 26. g4+
Kxg4 27. Rxe5 1-0

[Event "IX American Continental Classical Championship 201"]
[Site "Hotel Pipa AtlÃ¢ntico - Praia da Pipa - Rio Grande"]
[Date "2014.10.18"]
[Round "1"]
[Board "76"]
[White "Meneghetti, Alexandre"]
[Black "Mafra, Kaiser Luiz"]
[Result "1/2-1/2"]
[WhiteElo "1708"]
[BlackElo "2148"]
[PlyCount "111"]
[EventDate "2014.10.18"]
[EventRounds "11"]
[EventCountry "BRA"]

1. e4 c5 2. Nf3 d6 3. d4 cxd4 4. Nxd4 Nf6 5. Nc3 g6 6. Bc4 Bg7 7. Be3 O-O 8. h3
Nc6 9. O-O Qa5 10. a3 Nxd4 11. Bxd4 Be6 12. Bxe6 fxe6 13. f4 Nh5 14. Bxg7 Nxg7
15. Qd4 Rac8 16. Rf3 Qc5 17. Rd1 Nh5 18. Qxc5 Rxc5 19. Rdf1 e5 20. fxe5 Rxf3
21. Rxf3 Rxe5 22. Kf2 Nf6 23. Ke3 Rg5 24. Kf2 Re5 25. Ke3 Kg7 26. b4 e6 27. Kd4
Rg5 28. g3 a6 29. a4 d5 30. exd5 Nxd5 31. Nxd5 Rxd5+ 32. Kc4 b5+ 33. Kb3 e5 34.
c4 bxc4+ 35. Kxc4 Rd1 36. b5 axb5+ 37. axb5 Rc1+ 38. Kd5 e4 39. Re3 Rd1+ 40.
Kc6 Rd3 41. Rxe4 Rc3+ 42. Kb7 Rxg3 43. h4 h5 44. b6 Rg4 45. Re5 Kf6 46. Rc5
Rxh4 47. Kc6 Re4 48. b7 Re8 49. Kd5 Rb8 50. Rb5 g5 51. Ke4 Re8+ 52. Kf3 Rb8 53.
Ke4 h4 54. Kf3 Ke6 55. Kg4 Kd6 56. Rxg5 1/2-1/2

[Event "IX American Continental Classical Championship 201"]
[Site "Hotel Pipa AtlÃ¢ntico - Praia da Pipa - Rio Grande"]
[Date "2014.10.18"]
[Round "1"]
[Board "77"]
[White "Caceres Vasquez, Sergio"]
[Black "Presa, Luis Alberto Passos"]
[Result "1-0"]
[WhiteElo "2138"]
[BlackElo "1701"]
[PlyCount "83"]
[EventDate "2014.10.18"]
[EventRounds "11"]
[EventCountry "BRA"]

1. d4 d5 2. c4 c6 3. Nf3 Nf6 4. Qc2 e6 5. g3 Nbd7 6. Bg2 Be7 7. O-O O-O 8. Nbd2
b6 9. e4 dxe4 10. Nxe4 Bb7 11. Rd1 Nxe4 12. Qxe4 Nf6 13. Qe2 Re8 14. Bf4 Qc8
15. Bh3 Qd8 16. Ne5 Bd6 17. Rac1 Qe7 18. Bg5 h6 19. Bxf6 Qxf6 20. c5 bxc5 21.
Nd7 Qe7 22. dxc5 Bc7 23. Ne5 Bxe5 24. Qxe5 Rad8 25. Rd6 Rd7 26. Rcd1 Red8 27.
b4 Ba6 28. a4 Bc4 29. Qc3 Bd5 30. Rxd7 Qxd7 31. Bf1 Qc7 32. b5 Rc8 33. Rc1 Rb8
34. Qb4 e5 35. Rb1 Qb7 36. b6 a6 37. Qc3 Re8 38. Qd3 Ra8 39. Qf5 e4 40. a5 Re8
41. Qf4 Re6 42. Qc7 1-0

[Event "IX American Continental Classical Championship 201"]
[Site "Hotel Pipa AtlÃ¢ntico - Praia da Pipa - Rio Grande"]
[Date "2014.10.18"]
[Round "1"]
[Board "79"]
[White "Souza, Rafael Cabral De"]
[Black "Macedo, Luiz Soares De"]
[Result "1-0"]
[WhiteElo "2138"]
[BlackElo "1649"]
[PlyCount "51"]
[EventDate "2014.10.18"]
[EventRounds "11"]
[EventCountry "BRA"]

1. e4 e5 2. Nf3 d6 3. Bc4 Be7 4. d4 Nd7 5. dxe5 dxe5 6. Qd5 Nh6 7. Bxh6 O-O 8.
Be3 c6 9. Qd3 a6 10. a4 Qc7 11. Nbd2 Rd8 12. Qb3 Rf8 13. a5 Rb8 14. Ng5 Bxg5
15. Bxg5 Nc5 16. Qa3 Ne6 17. Be7 Nd4 18. O-O-O Re8 19. Bd6 Qd7 20. Bxb8 Qg4 21.
Qg3 Ne2+ 22. Bxe2 Qxe2 23. Bxe5 g6 24. Bc3 Qb5 25. Qd6 Be6 26. Qd4 1-0

[Event "IX American Continental Classical Championship 201"]
[Site "Hotel Pipa AtlÃ¢ntico - Praia da Pipa - Rio Grande"]
[Date "2014.10.18"]
[Round "1"]
[Board "80"]
[White "Carneiro, Jose Gildivan"]
[Black "Palacio, Igor Da Paz"]
[Result "0-1"]
[WhiteElo "1636"]
[BlackElo "2130"]
[PlyCount "116"]
[EventDate "2014.10.18"]
[EventRounds "11"]
[EventCountry "BRA"]

1. d4 Nf6 2. Bf4 d5 3. Nf3 Bf5 4. h3 e6 5. Nh4 Bd6 6. Bxd6 Qxd6 7. Nxf5 exf5 8.
a3 O-O 9. Nc3 Re8 10. Qd3 Ne4 11. Qf3 Nc6 12. O-O-O Qh6+ 13. e3 Nxc3 14. bxc3
Qd6 15. Qxf5 Qxa3+ 16. Kd2 Ne7 17. Qd7 Rad8 18. Qb5 Nc8 19. Qb4 Qxb4 20. cxb4
Nd6 21. Bd3 a6 22. Ra1 f5 23. f3 Rf8 24. Rhe1 c6 25. c3 Rde8 26. g3 Re6 27. Re2
Rh6 28. Rh1 Ra8 29. Reh2 a5 30. Ra1 a4 31. h4 b5 32. Ra3 Re8 33. Ra1 Rhe6 34.
Re2 Kf7 35. f4 g6 36. Ree1 Kg7 37. Re2 R6e7 38. Ra2 Kh6 39. Ra1 Kh5 40. Rg1 Kg4
41. Rh2 Nc4+ 42. Bxc4 dxc4 43. Re2 Kf3 44. g4 fxg4 45. Rf1+ Ke4 46. f5 gxf5 47.
Rf4+ Kd5 48. Rxf5+ Kd6 49. Rf4 Rg7 50. Rg2 h5 51. e4 Ke6 52. Rf5 Ra8 53. Rxh5
a3 54. Kc1 a2 55. d5+ cxd5 56. exd5+ Kd7 57. Rxa2 Rxa2 58. Rg5 Rf7 0-1